Southville International School and Colleges
Your cart is empty.
  • Cart
  • Lists
    Public lists Eva Luna New books Lux_list list_1
    Your lists Log in to create your own lists
  • Log in to your account
  • Your cookies
  • Search history
Southville International School and Colleges
  • Advanced search
  • Recent comments
  • Most popular
  • Libraries

Log in to your account

Log in with GOOGLE


If you do not have an external account, but do have a local account, you can still log in:

  1. Home
  2. MARC view: Tales from the good land /
Normal view MARC view ISBD view

Tales from the good land / (Record no. 110357)

[ view plain ]
MARC details
000 -LEADER
fixed length control field 00713nam a2200205 a 4500
001 - CONTROL NUMBER
control field 0219
005 - DATE AND TIME OF LATEST TRANSACTION
control field 20140414131854.0
008 - FIXED-LENGTH DATA ELEMENTS--GENERAL INFORMATION
fixed length control field 040819s19uu xx 00 eng d
020 ## - INTERNATIONAL STANDARD BOOK NUMBER
International Standard Book Number 0-7253-1062-6
050 ## - LIBRARY OF CONGRESS CALL NUMBER
Classification number M 813
Item number W15 1988
100 ## - MAIN ENTRY--PERSONAL NAME
Personal name Walker, Kate
245 ## - TITLE STATEMENT
Title Tales from the good land /
Statement of responsibility, etc Kate Walker ; illustrated by Gillian Campbell.
260 ## - PUBLICATION, DISTRIBUTION, ETC. (IMPRINT)
Place of publication, distribution, etc Australia :
Name of publisher, distributor, etc Bookshelf Publishing,
Date of publication, distribution, etc 1988.
300 ## - PHYSICAL DESCRIPTION
Extent 70 p. : ill. ; cm.
500 ## - GENERAL NOTE
General note Contents: The Treasure of the Mountain--Erin's Reward--Men of War--The Princess and Her Councillor--The Lazy Blacksmith--The Beggars--The Secret of the Good Land.
650 ## - SUBJECT ADDED ENTRY--TOPICAL TERM
Topical term or geographic name as entry element Fiction.
650 ## - SUBJECT ADDED ENTRY--TOPICAL TERM
Topical term or geographic name as entry element Children stories.
Holdings
Withdrawn status Lost status Damaged status Use restrictions Home library Current library Shelving location Date acquired Source of acquisition Total Checkouts Full call number Barcode Date last seen Price effective from Koha item type
        Munich Library Munich Library Main Section 08/19/2004     M 813 W15 1988 M0744 04/14/2014 04/14/2014 Books
        Munich Library Munich Library Main Section 08/19/2004     M 813 W15 1988 M0772 04/14/2014 04/14/2014 Books

Tales from the good land /

APA

Walker K., . (1988). Tales from the good land. Australia: Bookshelf Publishing.

Chicago

Walker Kate, . 1988. Tales from the good land. Australia: Bookshelf Publishing.

Harvard

Walker K., . (1988). Tales from the good land. Australia: Bookshelf Publishing.

MLA

Walker Kate, . Tales from the good land. Australia: Bookshelf Publishing. 1988.

  • Place hold
  • Print
  • Cite
  • Add to your cart (remove)
  • Save record
    BIBTEX Dublin Core MARCXML MARC (non-Unicode/MARC-8) MARC (Unicode/UTF-8) MARC (Unicode/UTF-8, Standard) MODS (XML) RIS
  • More searches
    Search for this title in:
    Other Libraries (WorldCat) Other Databases (Google Scholar) Online Stores (Bookfinder.com) Open Library (openlibrary.org)

Exporting to Dublin Core...

SOUTHVILLE LIBRARY

Southville International School and Colleges Library

1281 Tropical Ave. Cor. Luxembourg St., BF Homes International, Las Pinas City

Tel. No. 8256374 / 252358 Loc. 117/146

Powered by Koha